00819nam a22002417a 4500001000400000003000600004005001700010008004100027020001800068040004400086050001400130082001100144100003300155245006700188260002900255300003300284505000600317521001600323521001600339700002500355856009100380856010600471145FISKH20230301094839.0230301b cb ||||| |||| 00| 0 eng d a9780142402245 aOCOcOCOdBAKERdBTCTAdDLCdFISKHbeng00aPZ7.M248  a372.641 aMcSwigan, Marie,d1907-1962.10aSnow treasure /cMarie McSwigan ; illustrated by Mary Reardon. aNew York bPuffin c2005 aviii, 196 p. bill. c20 cm. aM8 a690bLexile8 aMbRaz-Plus1 aReardon, Mary,eill.423Publisher descriptionuhttp://www.loc.gov/catdir/enhancements/fy1204/2006287291-d.html423Contributor biographical informationuhttp://www.loc.gov/catdir/enhancements/fy1602/2006287291-b.html